[Event "8e Festival de Vaujany 2017 - accession"]
[Site "?"]
[Date "2017.07.15"]
[Round "3.3"]
[White "Skomorokhina, Ekaterina"]
[Black "Sesia, Noam"]
[Result "0-1"]
[WhiteElo "1812"]
[BlackElo "1723"]
[PlyCount "120"]
[SourceDate "2017.07.14"]

1. d4 Nf6 2. Bf4 e6 3. e3 c5 4. c3 d5 5. Nf3 Nc6 6. Nbd2 Bd6 7. Bg3 O-O 8. Bd3
b6 9. Ne5 Bb7 10. f4 Ne7 11. Bh4 Ne4 12. Nxe4 dxe4 13. Be2 f6 14. Nc4 Nf5 15.
Bf2 b5 16. Nxd6 Qxd6 17. Bxb5 cxd4 18. g4 dxe3 19. Bg3 Qd2+ 20. Qxd2 exd2+ 21.
Ke2 (21. Kxd2 e3+) 21... Nd6 22. Bd7 Kf7 23. f5 e5 24. Be6+ Ke7 25. Rhd1 Ba6+
26. Ke3 Bc4 27. Bxc4 Nxc4+ 28. Kxe4 Rfd8 29. Rab1 Rab8 30. b3 Na3 31. Rb2 Nb5
32. Rc2 Na3 33. Rcxd2 Nb1 34. Rxd8 Nxc3+ 35. Ke3 Rxd8 36. Rxd8 Kxd8 37. a4 Kd7
38. Kd3 Nd5 39. Bf2 a6 40. Bc5 Kc6 41. Bf8 g6 42. fxg6 hxg6 43. Ke4 Nc3+ 44.
Kd3 Nd5 45. h4 f5 46. gxf5 gxf5 47. Bh6 Kd6 48. Bd2 Nf6 49. Kc4 f4 50. Kd3 Kd5
51. Ba5 e4+ 52. Ke2 f3+ 53. Kf1 e3 54. Be1 Ke4 55. b4 Ng4 56. b5 e2+ 57. Kg1
Ke3 58. b6 f2+ 59. Bxf2+ Nxf2 60. b7 e1=Q+ 0-1

[Event "8e Festival de Vaujany 2017 - accession"]
[Site "?"]
[Date "2017.07.15"]
[Round "3.4"]
[White "Gregorio, Santiago"]
[Black "Dreyfus, Jacques"]
[Result "1/2-1/2"]
[WhiteElo "1776"]
[BlackElo "1712"]
[PlyCount "162"]
[SourceDate "2017.07.14"]

1. e4 c6 2. d4 d5 3. Nc3 (3. exd5 cxd5) (3. e5 Bf5) 3... dxe4 4. Nxe4 Nf6 5.
Nxf6+ gxf6 6. c3 Bf5 7. Nf3 e6 8. Bf4 Bd6 9. Bxd6 Qxd6 10. Bd3 Bg6 11. Bxg6
hxg6 12. Qb3 b6 13. O-O-O Nd7 14. Rhe1 O-O-O 15. h3 Kb7 16. Kb1 Qf4 17. Qc2 Rh5
18. Qe4 Qxe4+ 19. Rxe4 c5 20. d5 Ne5 21. Nxe5 Rxe5 22. Rxe5 fxe5 23. c4 exd5
24. cxd5 Kc7 25. Kc2 Kd6 26. b3 Rh8 27. f3 Rh4 28. Rd3 Rd4 29. Rxd4 cxd4 30. h4
Kxd5 31. g4 Ke6 (31... e4 32. fxe4+ (32. f4) 32... Kxe4) 32. Kd3 f5 33. g5 f4
34. Ke4 a6 35. a3 Kd6 36. Kd3 Ke7 37. Ke4 Ke6 38. Kd3 Kf5 39. Kd2 a5 (39... e4)
40. a4 e4 41. fxe4+ Ke5 (41... Kxe4) 42. Ke2 Kxe4 43. h5 f3+ 44. Kf2 d3 45.
hxg6 d2 46. g7 d1=Q 47. g8=Q Qe2+ 48. Kg3 Qg2+ 49. Kh4 Qh2+ 50. Kg4 Qf4+ 51.
Kh5 f2 52. Qc4+ Kf3 53. Qf1 Qg4+ 54. Kh6 Kg3 55. g6 Qh3+ 56. Qxh3+ Kxh3 57. g7
f1=Q 58. g8=Q Qf6+ 59. Qg6 Qf4+ 60. Qg5 Qd6+ 61. Qg6 Qf8+ 62. Qg7 Qf4+ 63. Qg5
Qd6+ 64. Qg6 Qb4 65. Qd3+ Kg4 66. Qg6+ Kf4 67. Qd3 Ke5 68. Kh5 Qc5 69. Kg5 Qg1+
70. Kh5 Qh1+ 71. Kg5 Qg2+ 72. Kh5 Qd5 73. Qe3+ Kd6+ 74. Kg4 Qe6+ 75. Qxe6+ Kxe6
76. Kf4 Kd5 77. Ke3 Kc5 78. Kd3 Kb4 79. Kc2 Ka3 80. Kc3 Ka2 81. Kc2 Ka3 1/2-1/2

[Event "8e Festival de Vaujany 2017 - accession"]
[Site "?"]
[Date "2017.07.15"]
[Round "3.5"]
[White "De Muyser, Xavier"]
[Black "Gazik, Jakub"]
[Result "1/2-1/2"]
[WhiteElo "1751"]
[BlackElo "1715"]
[PlyCount "85"]
[SourceDate "2017.07.14"]

1. g3 d5 2. Bg2 Nf6 3. d3 e5 4. Nd2 c5 5. e4 Be6 6. Ne2 Nc6 7. O-O Be7 8. c3 (
8. h3 Qc7 9. f4 dxe4 10. dxe4 Rd8 11. f5 Bc4 12. Rf2 O-O 13. Nc3 Ba6 14. g4 h6
15. Qe1 Nd4 16. Nf1 Nh7 17. Nd5 Rxd5 18. exd5 Bh4 19. Qe3 Bxf2+ 20. Qxf2 Ne2+
21. Kh1 Nxc1 22. Rxc1 Bxf1 23. Rxf1 Rd8 24. Re1 f6 25. h4 Qa5 26. a3 b6 27. Qe2
Qa4 28. Be4 Rd6 29. Rg1 Qd4 30. c3 Qa4 31. Rg3 Qb3 32. Rg2 Qa4 33. Kh2 Kf8 34.
Rg3 Kg8 35. c4 a5 36. Bc2 Qd7 37. Rb3 Qd8 38. Be4 Nf8 39. Kg2 Nh7 40. Qe3 Qc7
41. Rb5 Nf8 42. Rb3 Nh7 43. Bc2 Qe7 44. Kf3 Nf8 45. Rb5 Nd7 46. Ke4 Nb8 47. Ba4
Qf7 48. Rb3 h5 49. g5 g6 50. Qh3 {1-0 (50) Kamstra,C (2325)-Middelburg,T (2235)
Enschede 1998}) 8... O-O 9. h3 Qd7 10. Kh2 Rfd8 11. f4 dxe4 12. dxe4 exf4 13.
Nxf4 Bc4 14. Re1 Bd3 15. e5 Ne8 16. e6 fxe6 17. Nxe6 Rdc8 18. Ne4 c4 19. N4c5
Bxc5 20. Nxc5 Qf5 21. Nxb7 Rc7 22. Rxe8+ Rxe8 23. Nd6 Qf2 24. Nxe8 Re7 25. Qf3
Qxf3 26. Bxf3 Ne5 27. Bd5+ Kf8 28. Nxg7 Kxg7 29. Bg5 Re8 30. Bf4 Ng6 31. b3
Re2+ 32. Kg1 Nxf4 33. gxf4 Rc2 34. Re1 Rxa2 35. Re7+ Kg6 36. bxc4 a5 37. c5 Rc2
38. Ra7 Rxc3 39. Rxa5 Kf5 40. Kf2 Kxf4 41. Ra4+ Ke5 42. Bg8 Rxc5 43. Rh4
1/2-1/2

[Event "8e Festival de Vaujany 2017 - accession"]
[Site "?"]
[Date "2017.07.15"]
[Round "3.6"]
[White "Mars, Fiona"]
[Black "Goubet, Alain"]
[Result "1-0"]
[WhiteElo "1733"]
[BlackElo "1703"]
[PlyCount "80"]
[SourceDate "2017.07.14"]

1. Nf3 d6 2. d4 c6 3. b3 Nf6 4. e3 Qc7 5. Bb2 Nbd7 6. Nbd2 h6 7. Bd3 Qa5 8. O-O
Qh5 9. e4 g5 10. e5 Nd5 11. Ne4 Nf4 12. Ng3 Qg4 13. Bf5 Nxe5 14. Bxg4 Nxg4 15.
Re1 Rg8 16. Ne4 Be6 17. h3 Nf6 18. Nxf6+ exf6 19. d5 Nxd5 20. c4 Nf4 21. Bxf6
Rg6 22. Bc3 Be7 23. Nd4 Bd7 24. Re3 Kf8 25. g4 d5 26. Qe1 Bf6 27. Nf5 Bd8 28.
Re8+ Bxe8 29. Bb4+ Be7 30. Qxe7+ Kg8 31. Qxb7 Nxh3+ 32. Kh2 Nxf2 33. Qxa8 Nxg4+
34. Kg3 Nf6 35. Ne7+ Kh7 36. Nxg6 Kxg6 37. Re1 Bd7 38. Bc3 Nh5+ 39. Kf2 Kf5 40.
Qf8 f6 1-0

[Event "8e Festival de Vaujany 2017 - accession"]
[Site "?"]
[Date "2017.07.15"]
[Round "3.7"]
[White "Chabaud, Mathis"]
[Black "David, Pierre Yves"]
[Result "1/2-1/2"]
[WhiteElo "1671"]
[BlackElo "1830"]
[PlyCount "70"]
[SourceDate "2017.07.14"]

1. e4 d5 2. exd5 Nf6 (2... Qxd5 3. Nc3 Qa5 (3... Qd6) (3... Qd8)) 3. Nf3 (3.
Bb5+ Bd7) (3. c4 c6 (3... e6 4. dxe6 Bxe6) 4. d4 cxd5 5. Nc3) (3. d4 Nxd5) 3...
Nxd5 4. d4 g6 5. c4 Nb6 6. Nc3 Bg7 7. Be3 (7. c5 Nd5 8. Bc4 c6) 7... Nc6 8. Rc1
(8. d5 Ne5 9. Nxe5 Bxe5 10. Bd4 Bxd4 11. Qxd4 O-O) (8. h3 O-O) (8. Be2) 8...
O-O 9. b3 a5 10. d5 Ne5 11. Nxe5 Bxe5 12. Be2 Nd7 13. f4 Bg7 14. O-O Nf6 15.
Bf3 Rb8 (15... Bf5) 16. Ne4 (16. Ba7) 16... Re8 17. Nc5 b5 18. Nd3 bxc4 19.
bxc4 Bb7 20. Rb1 Ba6 21. Qc2 e6 22. Rxb8 Qxb8 23. Rb1 Qc8 24. Ne5 exd5 25. cxd5
h5 26. Bf2 Ng4 27. Nxg4 hxg4 28. Be4 f5 29. Bd3 Kh7 30. Bxa6 Qxa6 31. Qxc7 Qd3
32. Qb7 Re2 33. Qb3 Qd2 34. Rd1 {Diagramme [#]} Qxf4 (34... Bd4 $142 35. Rxd2 (
35. Bxd4 Rxg2+ 36. Kh1 Rxh2+ 37. Kg1 Qg2#) (35. Qb1 Bxf2+ 36. Kf1 (36. Kh1
Qxd1+ 37. Qxd1 Re1+ 38. Qxe1 Bxe1) 36... Qe3 {suivi de Fg1 et Df2 mat}) 35...
Re1#) 35. Qg3 Qa4 1/2-1/2

[Event "8e Festival de Vaujany 2017 - accession"]
[Site "?"]
[Date "2017.07.15"]
[Round "3.8"]
[White "Drillat, Michel"]
[Black "Labarthe, Arnaud"]
[Result "1/2-1/2"]
[WhiteElo "1865"]
[BlackElo "1691"]
[PlyCount "118"]
[SourceDate "2017.07.14"]

1. d4 Nf6 2. c4 e5 3. dxe5 Ne4 4. Nf3 (4. Nc3 Bb4 5. Qc2 d5 6. exd6 Bf5 7. Bd2
Nxd6) (4. Qc2 d5 (4... Bb4+ 5. Nd2 d5 6. e3 (6. exd6 Bf5) 6... Bf5) 5. exd6 Bf5
6. Nc3 Nxd6 7. e4) 4... b6 (4... Bb4+ 5. Bd2 Nxd2 6. Nbxd2 Nc6 7. a3 Bf8 8. Qc2
g6 9. Qc3 Bg7) (4... Nc6) (4... d6) 5. a3 (5. Qd5 Bb7 6. Qxb7 Nc6 7. Qa6 (7.
Nd4 $142 Bb4+) 7... Bb4+ 8. Bd2 Nc5 9. Qb5 Bxd2+ 10. Nbxd2 a6) (5. Nbd2 Bb7 6.
Nxe4 Bxe4) 5... Bb7 6. Bf4 g5 7. Bg3 h5 8. h4 Nxg3 9. fxg3 g4 10. Ng5 Qe7 11.
Nc3 Qxe5 12. Qd3 Na6 13. O-O-O Nc5 14. Qc2 a5 15. Kb1 O-O-O 16. Nxf7 Qf6 17.
Nxh8 Qxh8 18. e4 Qe5 19. Bd3 Bg7 20. Rhf1 Qxg3 21. Qf2 Qxf2 22. Rxf2 Bxc3 23.
bxc3 Nxd3 24. Rxd3 Bxe4 25. Kc2 Kb7 26. Kd2 Bxd3 27. Kxd3 d5 28. cxd5 Rxd5+ 29.
Ke4 Rc5 30. Kd4 a4 31. c4 Ra5 32. Rf6 Rc5 33. g3 Ra5 34. Rf4 Kc6 35. Rf6+ Kd7
36. Rf7+ Kd6 37. Rf6+ Ke7 38. Rc6 Kd7 39. Rf6 Rc5 40. Rf1 Ke7 41. Re1+ Kf7 42.
Rf1+ Kg7 43. Rf4 Kg6 44. Rf8 Rf5 45. Rxf5 Kxf5 46. Kd5 c5 47. Kc6 Ke4 48. Kxb6
Kf3 49. Kxc5 Kxg3 50. Kb5 Kxh4 51. c5 g3 52. c6 g2 53. c7 g1=Q 54. c8=Q Qg5+
55. Ka6 Qd5 56. Qc3 Qe6+ 57. Ka5 Qb3 58. Qf6+ Kg4 59. Qg6+ Kh4 1/2-1/2

[Event "8e Festival de Vaujany 2017 - accession"]
[Site "?"]
[Date "2017.07.15"]
[Round "3.9"]
[White "Vanhee, Lars"]
[Black "Boulos, Jean"]
[Result "1-0"]
[WhiteElo "1707"]
[BlackElo "1808"]
[PlyCount "115"]
[SourceDate "2017.07.14"]

1. d4 Nf6 2. c4 e6 3. Nf3 c6 $6 4. g3 d5 5. Bg2 Bb4+ 6. Bd2 Bxd2+ 7. Qxd2 Nbd7
8. Nc3 Rb8 9. O-O O-O 10. Rac1 b5 11. cxb5 cxb5 12. b3 Qb6 13. Rc2 Bb7 14. Rfc1
Rbc8 15. e3 a6 16. Ne1 Qd6 17. f4 Nb6 18. Nd3 b4 19. Nd1 Rxc2 20. Rxc2 a5 21.
Nc5 Bc6 22. Nf2 g6 23. Bf3 Ra8 24. Qc1 Rc8 25. Nfd3 Ne4 26. Bxe4 dxe4 27. Ne5
Rd8 28. Nxe6 fxe6 29. Rxc6 Qb8 30. Rxe6 Nd5 31. Qc6 Qa7 32. Kf2 Ne7 33. Qb6
Qxb6 34. Rxb6 Rc8 35. Nc4 Ra8 36. Rb5 a4 37. Rxb4 axb3 38. axb3 Ra2+ 39. Kg1
Ra1+ 40. Kg2 Ra2+ 41. Kh3 Nd5 42. Rb5 Nc3 43. Re5 Nd1 44. d5 Nf2+ 45. Kh4 Nd3
46. Rxe4 Rxh2+ 47. Kg5 Rh5+ 48. Kf6 Rf5+ 49. Ke7 Nc5 50. Re5 Rf7+ 51. Kd6 Nxb3
52. Re8+ Kg7 53. Re7 Nc1 54. Rxf7+ Kxf7 55. Kc7 Nd3 56. d6 Nc5 57. Ne5+ Ke6 58.
d7 1-0

[Event "8e Festival de Vaujany 2017 - accession"]
[Site "?"]
[Date "2017.07.25"]
[Round "3.10"]
[White "Christophe Hayot, Romain"]
[Black "Godart, Michel"]
[Result "0-1"]
[WhiteElo "1783"]
[BlackElo "1651"]
[PlyCount "102"]
[SourceDate "2017.07.14"]

1. d4 Nf6 2. Nf3 e6 3. Bg5 Be7 4. Bxf6 Bxf6 5. e4 d6 6. Nc3 Nd7 7. Bc4 b6 8. g4
Bb7 9. h4 c5 10. g5 Be7 11. d5 e5 12. Ne2 a6 13. a4 f6 14. Qd2 Nf8 15. gxf6
Bxf6 16. Ng3 Bc8 17. b4 Bg4 18. Nh2 Bd7 19. bxc5 bxc5 20. Nf3 Ng6 21. Nh5 O-O
22. Nxf6+ Qxf6 23. Ng5 Nf4 24. O-O-O Rfb8 25. Ne6 Rb4 26. Rdg1 Rab8 27. Bb3
Nxe6 28. dxe6 Bxe6 29. Bxe6+ Qxe6 30. Qg5 Qf7 31. Qe3 Rxa4 32. Kd2 Rd4+ 33. Ke1
Qa2 34. Rxg7+ Kh8 35. Qxd4 cxd4 36. Rhg1 Rb1+ 37. Kd2 Rxg1 38. Rxg1 Qa5+ 39.
Ke2 Qc3 40. h5 a5 41. h6 Qh3 42. Rg3 Qh5+ 43. Kd3 Qxh6 44. Kc4 Qe6+ 45. Kb5 Qa2
46. Kc6 Qxc2+ 47. Kxd6 d3 48. Ke7 d2 49. Kf8 Qc4 50. Rg1 Qb3 51. f4 d1=Q 0-1

[Event "8e Festival de Vaujany 2017 - accession"]
[Site "?"]
[Date "2017.07.15"]
[Round "3.11"]
[White "Corfield, Zoe"]
[Black "Lees, Jean Pierre"]
[Result "1/2-1/2"]
[WhiteElo "1694"]
[BlackElo "1770"]
[PlyCount "88"]
[SourceDate "2017.07.14"]

1. e4 e6 2. d4 d5 3. Nc3 Nf6 4. e5 Nfd7 5. f4 c5 6. Nf3 Nc6 7. Be3 a6 8. Qd2 b5
9. dxc5 Bxc5 10. Bxc5 Nxc5 11. Qf2 Qb6 12. Bd3 b4 13. Ne2 a5 14. O-O Ba6 15.
Rad1 Bxd3 16. cxd3 Rb8 17. Ned4 Nxd4 18. Nxd4 O-O 19. Kh1 Rbc8 20. f5 exf5 21.
Nxf5 Rc7 22. Rde1 Qe6 23. Qe3 Qg6 24. Qf3 Qe6 25. Nd4 Qe7 26. Qg3 Ne6 27. Nf5
Qg5 28. Qxg5 Nxg5 29. Nd6 Ne6 30. Rc1 Rxc1 31. Rxc1 f6 32. g3 fxe5 33. Re1 Nc5
34. Rxe5 Nxd3 35. Rxd5 Nxb2 36. Rxa5 Rd8 37. Ra6 Nd3 38. Nc4 Rc8 39. Nd6 Rb8
40. Kg1 Nc5 41. Rc6 Na4 42. Ne4 Nc3 43. Nxc3 bxc3 44. Rxc3 Rb1+ 1/2-1/2

[Event "8e Festival de Vaujany 2017 - accession"]
[Site "?"]
[Date "2017.07.15"]
[Round "3.18"]
[White "Cool, Tristan"]
[Black "Kim , Yun Seo"]
[Result "0-1"]
[WhiteElo "1623"]
[BlackElo "1763"]
[PlyCount "40"]
[SourceDate "2017.07.14"]

1. Nf3 Nf6 2. g3 g6 3. Bg2 Bg7 4. O-O O-O 5. d3 d6 6. c3 c5 7. e4 Nc6 8. a4 Rb8
9. Nh4 a6 10. f4 Bd7 11. f5 b5 12. axb5 axb5 13. g4 b4 14. g5 Ne8 15. fxg6 hxg6
16. Qe1 bxc3 17. Nxc3 Nd4 18. Qf2 Nb3 19. Ra7 Nxc1 20. Rxc1 Bd4 0-1

[Event "8e Festival de Vaujany 2017 - accession"]
[Site "?"]
[Date "2017.07.15"]
[Round "3.35"]
[White "Mercier, Pierre"]
[Black "Shin, Jae Yeol"]
[Result "1-0"]
[WhiteElo "1452"]
[BlackElo "1824"]
[PlyCount "75"]
[SourceDate "2017.07.14"]

1. d4 d5 2. c4 e6 3. Nc3 Nf6 4. Bg5 Bb4 5. e3 Nc6 6. Nf3 h6 7. Bh4 b6 8. cxd5
exd5 9. Ne5 Na5 10. Qa4+ Bd7 11. Qxb4 Nc6 12. Nxc6 Bxc6 13. Bb5 Qd7 14. Bxc6
Qxc6 15. Bxf6 Qxf6 16. Nxd5 Qd8 17. Qb5+ Kf8 18. Qc6 Rc8 19. Rc1 h5 20. Nf4 Rh6
21. Qd5 Rd6 22. Qxh5 Rh6 23. Qf3 Rf6 24. Rc6 Qe7 25. Rxf6 Qxf6 26. O-O Qh6 27.
Rc1 g5 28. Rc6 Qh7 29. Ng6+ Kg7 30. Qf6+ Kg8 31. Ne7+ Kf8 32. Nf5 Qh5 33. Qh6+
Qxh6 34. Nxh6 Ke7 35. Nf5+ Kd7 36. d5 Re8 37. Rf6 Re5 38. g4 1-0

[Event "8e Festival de Vaujany 2017 - accession"]
[Site "?"]
[Date "2017.07.16"]
[Round "4.1"]
[White "Sesia, Noah"]
[Black "Billotti, Romain"]
[Result "1/2-1/2"]
[WhiteElo "1723"]
[BlackElo "1828"]
[PlyCount "74"]
[SourceDate "2017.07.14"]

1. d4 d5 2. Nf3 Nf6 3. Bf4 Bg4 4. e3 e6 5. Be2 Bd6 6. Bg3 Ne4 7. Nbd2 Nxg3 8.
hxg3 Nd7 9. c3 c6 10. Qc2 Nf6 11. Bd3 Qc7 12. Nf1 O-O-O 13. O-O-O Kb8 14. Kb1
e5 15. dxe5 Bxe5 16. Rc1 Bd6 17. N1d2 g6 18. Rhe1 Rhe8 19. Nd4 Bd7 20. e4 dxe4
21. Nxe4 Nxe4 22. Bxe4 f5 23. Bd3 f4 24. gxf4 Bxf4 25. Rcd1 c5 26. Ne2 Bd6 27.
f3 Be6 28. Be4 Qa5 29. c4 Be5 30. Qb3 Qa6 31. Rc1 Rd2 32. Nc3 Bxc4 33. Bxb7
Bd3+ 34. Ka1 Qxb7 35. f4 Qxb3 36. axb3 Rf8 37. Rxe5 Rxf4 {suite illisible}
1/2-1/2

[Event "8e Festival de Vaujany 2017 - accession"]
[Site "?"]
[Date "2017.07.16"]
[Round "4.2"]
[White "Masalles, Pierre"]
[Black "Mars, Fiona"]
[Result "0-1"]
[WhiteElo "1719"]
[BlackElo "1739"]
[PlyCount "96"]
[SourceDate "2017.07.14"]

1. d4 Nf6 2. Nf3 d6 3. c4 Nbd7 4. Nc3 e5 5. e4 Be7 6. Be2 O-O 7. O-O c6 8. Qc2
a6 9. Rd1 Qc7 10. a4 a5 11. b3 Re8 12. Ba3 Nf8 13. Rac1 Ng6 14. d5 Nf4 15. Qd2
Nxe2+ 16. Qxe2 Bg4 17. h3 Bh5 18. Qe3 h6 19. Ne2 Nd7 20. g4 Bg6 21. Ng3 c5 22.
h4 Qd8 23. g5 hxg5 24. hxg5 Nf8 25. Rb1 Bh7 26. Nf5 Ng6 27. Kh2 Nf4 28. Rg1 Bg6
29. Rg3 Kh7 30. Rh1 Rh8 31. Kg1+ Kg8 32. Rxh8+ Kxh8 33. Nxe7 Qxe7 34. Nh4 Bh5
35. Nf5 Qd7 36. f3 Kh7 37. Qf2 Rh8 38. Bc1 g6 39. Bxf4 exf4 40. Rh3 Kg8 41.
Nh6+ $4 Rxh6 42. Qh4 Rh7 43. Rh2 Qe7 44. Qxf4 Qe5 45. Qxe5 dxe5 46. Rd2 f6 47.
gxf6 Bxf3 48. d6 Rh1+ 0-1

[Event "8e Festival de Vaujany 2017 - accession"]
[Site "?"]
[Date "2017.07.16"]
[Round "4.3"]
[White "Gregorio, Santiago"]
[Black "Vanhee, Lars"]
[Result "0-1"]
[WhiteElo "1776"]
[BlackElo "1707"]
[PlyCount "124"]
[SourceDate "2017.07.14"]

1. d4 Nf6 2. Bf4 e6 3. Nf3 Be7 4. e3 O-O 5. Bd3 d5 6. Nbd2 c5 7. c3 b6 8. h4 (
8. b4 Bb7) 8... Bb7 9. Ng5 h6 10. Rh3 h5 11. Qe2 c4 12. Bc2 Qe8 13. Be5 Ng4 14.
Nh7 g6 15. Nxf8 Nxe5 16. dxe5 Bxf8 17. Rg3 Bg7 18. f4 b5 19. e4 Nd7 20. exd5
Bxd5 21. O-O-O a5 22. Ne4 Bxe4 23. Bxe4 Ra6 24. Qd2 Bh6 25. Rf3 Nxe5 26. Rf2
Ng4 27. Re2 e5 28. Bf3 Re6 29. Bxg4 Bxf4 30. Re3 Bxe3 31. Qxe3 hxg4 32. Qg5 Kg7
33. Qxg4 e4 34. h5 b4 35. cxb4 axb4 36. hxg6 Rxg6 37. Qh3 Qe5 38. Kb1 Qf4 39.
Rc1 e3 40. g4 Rxg4 41. Rh1 Kf8 42. Qh8+ Ke7 43. Rd1 e2 44. Qd8+ Ke6 45. Qe8+
Kf6 46. Qxe2 Qe4+ 47. Qxe4 Rxe4 48. Rf1+ Ke6 49. Kc2 Re2+ 50. Kc1 f5 51. Rf4
Re4 52. Rf2 f4 53. a3 b3 54. Kd2 Kd5 55. Kc3 Kc5 56. Kd2 Kd4 57. Rh2 f3 58. Rf2
Re2+ 59. Rxe2 fxe2 60. Kxe2 c3 61. bxc3+ Kxc3 62. a4 b2 0-1

[Event "8e Festival de Vaujany 2017 - accession"]
[Site "?"]
[Date "2017.07.16"]
[Round "4.4"]
[White "Joachim, Rodny"]
[Black "De Muyser, Xavier"]
[Result "0-1"]
[WhiteElo "1685"]
[BlackElo "1751"]
[PlyCount "80"]
[SourceDate "2017.07.14"]

1. e4 d6 2. d4 Nf6 3. Nc3 c6 4. Nf3 Bg4 5. Bc4 e6 6. Bb3 d5 7. Bg5 h6 8. Bxf6
Qxf6 9. Qd3 Bxf3 10. gxf3 Nd7 11. O-O-O O-O-O 12. e5 Qe7 13. f4 f5 14. h4 h5
15. Rdg1 c5 16. Rg6 cxd4 17. Qxd4 Qc5 18. Qxc5+ Nxc5 19. Nb5 a6 20. Nd4 Kd7 21.
f3 Ke7 22. Rhg1 Kf7 23. R6g5 Rh7 24. R5g2 Be7 25. Rh1 g6 26. Kd2 Rc8 27. c3 b5
28. a3 Nb7 29. Ba2 Na5 30. b4 Nc6 31. Kd3 Bf8 32. Rhg1 Rg7 33. Ne2 Rg8 34. Rc1
Bh6 35. Rc2 Rc7 36. Bb3 Rgc8 37. Ke3 Nxe5 38. Kf2 Nd3+ 39. Kf1 Nxf4 40. Nxf4
Bxf4 0-1

[Event "8e Festival de Vaujany 2017 - accession"]
[Site "?"]
[Date "2017.07.16"]
[Round "4.5"]
[White "Weisz, Jacques"]
[Black "Chabaud, Mathis"]
[Result "0-1"]
[WhiteElo "1714"]
[BlackElo "1671"]
[PlyCount "108"]
[SourceDate "2017.07.14"]
[BlackTeam "Grasse"]

1. d4 d5 2. c4 c6 3. Nc3 Nf6 4. e3 Bf5 5. Qb3 b6 6. Nf3 e6 7. Be2 Nbd7 8. O-O
Bd6 9. cxd5 exd5 10. Rd1 Ne4 11. Bd2 O-O 12. Rac1 Rc8 13. Be1 h6 14. a3 Bh7 15.
Bd3 Kh8 16. Qc2 f5 17. Qb1 g5 18. Nd2 Ndf6 19. Nf1 Nxc3 20. Bxc3 Ne4 21. Be1 g4
22. b4 f4 23. exf4 Bxf4 24. Rc2 h5 25. b5 c5 26. dxc5 bxc5 27. Re2 Re8 28. Ng3
Bxg3 29. hxg3 h4 30. gxh4 Qxh4 31. Bc2 g3 32. fxg3 Nxg3 33. Rxe8+ Rxe8 34. Bxg3
Qxg3 35. Bxh7 Re2 36. Be4 Rxe4 37. Qb2+ d4 38. Qd2 Kg7 39. a4 Qe3+ 40. Qxe3
Rxe3 41. Rc1 Rc3 42. Rd1 d3 43. Kf2 c4 44. Ke3 Ra3 45. Kd4 Rxa4 46. Kc3 Kf6 47.
Rb1 Ke5 48. b6 axb6 49. Rxb6 Ra1 50. Rb8 Rc1+ 51. Kd2 Rc2+ 52. Ke3 Rxg2 53.
Re8+ Kd5 54. Rd8+ Kc5 0-1

[Event "8e Festival de Vaujany 2017 - accession"]
[Site "?"]
[Date "2017.07.16"]
[Round "4.6"]
[White "Gazik, Jakub"]
[Black "Gallet, Gilles"]
[Result "1/2-1/2"]
[WhiteElo "1715"]
[BlackElo "1605"]
[PlyCount "58"]
[SourceDate "2017.07.14"]

1. d4 d5 2. Nf3 Nf6 3. e3 Bf5 4. c4 e6 5. Qb3 Qc8 6. Nc3 c6 7. Be2 Nbd7 8. Ne5
Be7 9. O-O O-O 10. Kh1 Qc7 11. f4 Be4 12. Bf3 Bxf3 13. Rxf3 a6 14. Bd2 b5 15.
c5 Rad8 16. Rg1 Nxe5 17. fxe5 Nd7 18. Ne2 Rde8 19. Qc2 f6 20. Rh3 f5 21. Nf4
Bg5 22. Qd1 Bxf4 23. exf4 Rf7 24. Qh5 Nf8 25. g4 fxg4 26. Rxg4 Qe7 27. Rhg3 g6
28. Qh6 Rf5 29. h4 Qg7 1/2-1/2

[Event "8e Festival de Vaujany 2017 - accession"]
[Site "?"]
[Date "2017.07.30"]
[Round "4.7"]
[White "Godart, Michel"]
[Black "Dreyfus, Jacques"]
[Result "0-1"]
[WhiteElo "1651"]
[BlackElo "1712"]
[PlyCount "44"]
[SourceDate "2017.07.14"]

1. c4 e5 2. Nc3 Nf6 3. Nf3 Nc6 4. g3 d5 5. cxd5 Nxd5 6. Bg2 Nb6 7. O-O Be7 8.
d3 O-O 9. a3 Be6 10. b4 a5 11. bxa5 Rxa5 12. Bb2 f5 13. e3 Bf6 14. Qd2 Nd5 15.
Rfd1 Nxc3 16. Bxc3 Rd5 17. Ne1 e4 18. d4 Ne7 19. Rab1 b6 20. Qc2 c5 21. dxc5
Bxc3 22. Rxd5 Nxd5 0-1

[Event "8e Festival de Vaujany 2017 - accession"]
[Site "?"]
[Date "2017.07.16"]
[Round "4.8"]
[White "David, Iris"]
[Black "Drillat, Michel"]
[Result "0-1"]
[WhiteElo "1668"]
[BlackElo "1865"]
[PlyCount "72"]
[SourceDate "2017.07.14"]

1. d4 Nf6 2. Nf3 c5 3. d5 b5 4. c4 (4. Bg5 Ne4 5. Bh4 Bb7 6. a4 (6. Qd3)) 4...
bxc4 (4... g6) (4... Bb7) 5. Nc3 d6 (5... g6) 6. e4 Nbd7 (6... g6) 7. Bxc4 g6
8. O-O Bg7 9. Nd2 (9. h3 O-O 10. Re1) 9... O-O 10. f4 Nb6 11. Bb5 (11. Be2 e6
12. dxe6 fxe6) 11... Bb7 12. Nc4 Nxc4 13. Bxc4 Nd7 14. Re1 (14. Qe1 a6 15. Be3
Qc7 16. Bf2 Rfb8 17. Bh4 Bc8 18. Rb1 Rb4 19. Qe2 Nb6 20. Bb3 a5 21. e5 Bf5 22.
Rbd1) 14... a6 15. Be3 Qc7 16. Bf2 Rfb8 17. Bh4 Bc8 18. Rb1 Rb4 19. Qe2 Nb6 20.
Bb3 a5 21. e5 Bf5 22. Rbd1 Rxf4 23. Bg3 Bg4 24. exd6 exd6 25. Qb5 Bd4+ 26. Kh1
Bxd1 27. Re8+ Rxe8 28. Qxe8+ Kg7 29. Bxf4 Bxb3 30. Bh6+ Kxh6 31. Qf8+ Bg7 32.
Qe8 Bxc3 33. Qe3+ g5 34. Qh3+ Kg7 35. Qxc3+ f6 36. axb3 Nxd5 0-1

[Event "8e Festival de Vaujany 2017 - accession"]
[Site "?"]
[Date "2017.07.16"]
[Round "4.9"]
[White "David, Pierre Yves"]
[Black "Corfield, Zoe"]
[Result "0-1"]
[WhiteElo "1830"]
[BlackElo "1694"]
[PlyCount "50"]
[SourceDate "2017.07.14"]

1. e4 d6 2. d4 Nf6 3. Nc3 Nbd7 4. Nf3 e5 5. Bc4 Be7 6. h3 c6 7. a4 Qc7 8. Be3
h6 9. a5 Nf8 10. Qd2 g5 11. Ba2 Ng6 12. Qd3 Nf4 13. Bxf4 gxf4 14. Qc4 Rh7 15.
b4 Bd8 16. Bb3 Qe7 17. dxe5 dxe5 18. a6 Be6 19. axb7 Qxb7 20. Qa6 Qxb4 21.
Qxc6+ Bd7 22. Qc4 Ba5 23. Qa6 Qxc3+ 24. Ke2 Bb6 25. Rhd1 Qc5 0-1

[Event "8e Festival de Vaujany 2017 - accession"]
[Site "?"]
[Date "2017.07.16"]
[Round "4.10"]
[White "Labarthe, Arnaud"]
[Black "Arcusa, Michel"]
[Result "0-1"]
[WhiteElo "1691"]
[BlackElo "1816"]
[PlyCount "82"]
[SourceDate "2017.07.14"]

1. d4 Nf6 2. Nc3 e6 3. e4 d5 4. Bg5 Be7 5. e5 Nfd7 6. h4 Bxg5 7. hxg5 Qxg5 8.
Qd3 h6 9. Nf3 Qe7 10. a3 a6 11. b4 Nb6 12. Nd2 Bd7 13. Qg3 Qf8 14. Bd3 Na4 15.
Nxa4 Bxa4 16. c3 Nd7 17. c4 dxc4 18. Nxc4 Bb5 19. Rc1 Bxc4 20. Rxc4 c6 21. O-O
Rd8 22. d5 Nb6 23. dxe6 Nxc4 24. exf7+ Kxf7 25. Bxc4+ Ke7 26. Qe3 Kd7 27. Qb6
Kc8 28. Bxa6 Qe7 29. Rc1 Kb8 30. Rxc6 Rd1+ 31. Bf1 Qxe5 32. Re6 Qa1 33. Qb5 Rc8
34. Re7 Rxf1+ $1 35. Kh2 (35. Qxf1 Rc1) 35... Rh1+ 36. Kg3 Qc3+ 37. f3 Qc6 38.
Qe5+ Ka8 39. Qxg7 Qd6+ 40. Kg4 Rh2 41. g3 h5+ 0-1

[Event "8e Festival de Vaujany 2017 - accession"]
[Site "?"]
[Date "2017.07.31"]
[Round "4.11"]
[White "Koltai, Daniel"]
[Black "Jean, Robert"]
[Result "1-0"]
[WhiteElo "1812"]
[BlackElo "1685"]
[PlyCount "107"]
[SourceDate "2017.07.14"]

1. e4 c5 2. Nf3 d6 3. d4 cxd4 4. Nxd4 Nf6 5. Nc3 a6 6. Be2 e5 7. Nb3 Be6 8. Be3
b5 9. Nd5 Bxd5 10. exd5 Nbd7 11. c4 bxc4 12. Bxc4 Nb6 13. Rc1 Nfd7 14. Na5 Nxc4
15. Nxc4 Be7 16. O-O O-O 17. b4 f5 18. f4 exf4 19. Bxf4 Nf6 20. Kh1 Rc8 21. Na5
Rxc1 22. Qxc1 Qd7 23. Nc6 Kh8 24. Qc4 Rc8 25. Qxa6 Nxd5 26. Nxe7 Nxe7 27. Qxd6
Qa7 28. Bg5 Ng6 29. Qe6 Ra8 30. Re1 Nf8 31. Qxf5 Qxa2 32. h3 Ng6 33. Qb5 Rf8
34. Re8 Qf7 35. Rxf8+ Qxf8 36. Qb6 Qe8 37. Qd8 Qxd8 38. Bxd8 Nf8 39. Bc7 Nd7
40. b5 Kg8 41. Bd8 Kf7 42. b6 Nc5 43. Kh2 Ke8 44. Bc7 Kd7 45. Kg3 Kc6 46. Kf4
Ne6+ 47. Ke5 Nxc7 48. bxc7 Kxc7 49. Ke6 Kc6 50. Kf7 g6 51. Kg7 Kd6 52. Kxh7 g5
53. Kg6 g4 54. hxg4 1-0